[Event "Muscat-ch op"]
[Site "Muscat"]
[Date "2024.12.30"]
[Round "7"]
[White "Vigneshwaran, Adhvik"]
[Black "Alalwan, Sajjad Abbas Khudha"]
[Result "0-1"]
[WhiteElo "1642"]
[BlackElo "1971"]
[PlyCount "64"]
[EventDate "2024.12.26"]
[EventType "swiss"]
[EventRounds "9"]
[EventCountry "OMN"]
[SourceTitle "CB01_2025"]
[SourceDate "2025.01.01"]
[SourceVersion "1"]
[SourceVersionDate "2025.01.01"]
[SourceQuality "1"]

1. e4 e5 2. Nf3 Nc6 3. Bb5 a6 4. Ba4 Nf6 5. 0-0 Be7 6. Re1 b5 7. Bb3 0-0 8. c3 d6 9. h3 Nb8 10. d4 Nbd7 11. Bg5 Bb7 12. Nbd2 c5 13. d5 c4 14. Bc2 Nxd5 15. Bxe7 Nxe7 16. Nf1 Qc7 17. Ng3 Nc5 18. Nh4 Rad8 19. Nhf5 Nxf5 20. Nxf5 d5 21. Qg4 f6 22. exd5 Bxd5 23. Re3 Be6 24. Qh4 Nd3 25. Qe4 Bxf5 26. Qxf5 Qd7 27. Qh5 g6 28. Qe2 Nf4 29. Qe1 Qd2 30. Be4 Rf7 31. Rd1 Qxd1 32. Qxd1 Rxd1+ 0-1

[Event "Muscat-ch op"]
[Site "Muscat"]
[Date "2024.12.29"]
[Round "6"]
[White "Mustafa, Hassan Hamed"]
[Black "Vigneshwaran, Adhvik"]
[Result "0-1"]
[WhiteElo "1502"]
[BlackElo "1642"]
[PlyCount "168"]
[EventDate "2024.12.26"]
[EventType "swiss"]
[EventRounds "9"]
[EventCountry "OMN"]
[SourceTitle "CB01_2025"]
[SourceDate "2025.01.01"]
[SourceVersion "1"]
[SourceVersionDate "2025.01.01"]
[SourceQuality "1"]

1. d4 d5 2. Bf4 Bf5 3. e3 e6 4. c4 c5 5. Nf3 Nd7 6. cxd5 exd5 7. Nc3 Ngf6 8. dxc5 Nxc5 9. Bb5+ Bd7 10. Bxd7+ Qxd7 11. 0-0 Be7 12. Ne5 Qd8 13. Rc1 0-0 14. b4 Ne6 15. Bg3 d4 16. exd4 Qxd4 17. Qxd4 Nxd4 18. Nd3 Rfd8 19. Rfe1 Kf8 20. a3 Nf3+ 21. gxf3 Rxd3 22. Kg2 Rc8 23. Nb1 Rxc1 24. Rxc1 g6 25. Rc8+ Kg7 26. Be5 Kh6 27. Rc7 Rd7 28. b5 Rxc7 29. Bxc7 a6 30. a4 Nd5 31. Be5 Nb6 32. Nc3 Nd7 33. Bd4 Bf6 34. Be3+ Kg7 35. Nd5 Be5 36. bxa6 bxa6 37. a5 Nf6 38. Nb4 Bc3 39. Nc6 Nd5 40. Bd4+ Bxd4 41. Nxd4 Kf6 42. Kg3 Kg5 43. h4+ Kf6 44. f4 Ne7 45. Kf3 Nf5 46. Nc6 Nxh4+ 47. Ke4 Nf5 48. Nb8 Nd6+ 49. Kf3 Nc4 50. Nxa6 Nxa5 51. Nc5 Nc4 52. Ne4+ Ke7 53. Kg3 Nd6 54. Ng5 h6 55. Nh3 Kf6 56. f3 Nf5+ 57. Kg2 Nh4+ 58. Kg3 Nf5+ 59. Kg2 Ke6 60. Kf2 Kd5 61. Ke2 Kd4 62. Nf2 Ng3+ 63. Kd2 h5 64. Nh3 f6 65. Nf2 Kd5 66. Kd3 Nf5 67. Nh3 Nd4 68. Ke3 Nc2+ 69. Kd3 Nb4+ 70. Ke3 Ke6 71. Ke4 Na6 72. Nf2 Nc5+ 73. Ke3 Kf5 74. Nh3 Ne6 75. Kf2 Nxf4 76. Ng1 Kg5 77. Kg3 h4+ 78. Kh2 h3 79. Kg3 f5 80. Nxh3+ Nxh3 81. Kxh3 Kf4 82. Kg2 Ke3 83. Kg3 f4+ 84. Kg4 g5 0-1

[Event "Muscat-ch op"]
[Site "Muscat"]
[Date "2024.12.28"]
[Round "4"]
[White "Ba Amir, Murad"]
[Black "Vigneshwaran, Adhvik"]
[Result "1-0"]
[WhiteElo "1796"]
[BlackElo "1642"]
[PlyCount "79"]
[EventDate "2024.12.26"]
[EventType "swiss"]
[EventRounds "9"]
[EventCountry "OMN"]
[SourceTitle "CB01_2025"]
[SourceDate "2025.01.01"]
[SourceVersion "1"]
[SourceVersionDate "2025.01.01"]
[SourceQuality "1"]

1. e4 e5 2. Bc4 Bc5 3. Nc3 Nf6 4. d3 0-0 5. h3 h6 6. Nge2 Nc6 7. a3 d6 8. 0-0 Be6 9. Ng3 Bxc4 10. dxc4 Bd4 11. Nd5 Na5 12. Qd3 Nc6 13. Nf5 Nxd5 14. cxd5 Ne7 15. Nxd4 exd4 16. Qxd4 Ng6 17. f4 Re8 18. Bd2 Qh4 19. Kh2 Qe7 20. Rae1 a6 21. c4 Rac8 22. Rf3 c6 23. Rg3 cxd5 24. exd5 Qxe1 25. Bxe1 Rxe1 26. b4 Rc1 27. c5 dxc5 28. bxc5 R1xc5 29. d6 Rc4 30. d7 Rxd4 31. dxc8Q+ Kh7 32. f5 Ne7 33. Qc5 Re4 34. Re3 Rxe3 35. Qxe3 Nxf5 36. Qe4 g6 37. Qxb7 Kg7 38. Qxa6 h5 39. Qb7 Nh6 40. a4 1-0

[Event "Muscat-ch op"]
[Site "Muscat"]
[Date "2024.12.27"]
[Round "2"]
[White "Aly, Talal"]
[Black "Vigneshwaran, Adhvik"]
[Result "1-0"]
[WhiteElo "1893"]
[BlackElo "1642"]
[PlyCount "119"]
[EventDate "2024.12.26"]
[EventType "swiss"]
[EventRounds "9"]
[EventCountry "OMN"]
[SourceTitle "CB01_2025"]
[SourceDate "2025.01.01"]
[SourceVersion "1"]
[SourceVersionDate "2025.01.01"]
[SourceQuality "1"]

1. d4 d5 2. Nf3 Nf6 3. Bf4 e6 4. e3 Bd6 5. Bg3 0-0 6. Bd3 c5 7. c3 Nc6 8. Nbd2 b6 9. Qa4 Bb7 10. Ba6 Bxa6 11. Qxa6 cxd4 12. exd4 Re8 13. Ne5 Bxe5 14. dxe5 Nd7 15. Qe2 Qg5 16. 0-0 Nc5 17. Rad1 Qf5 18. Nb3 Qe4 19. Rfe1 Qxe2 20. Rxe2 Nxb3 21. axb3 Rad8 22. Red2 Rd7 23. f4 Na5 24. b4 Nc4 25. Re2 b5 26. Bf2 h6 27. b3 Nb6 28. Ra2 Rc8 29. Bc5 Rdc7 30. Rda1 Nd7 31. Bd4 Ra8 32. Kf2 Kf8 33. Ke2 f6 34. exf6 Nxf6 35. Kd3 Ne4 36. Rxa7 Rcxa7 37. Rxa7 Rxa7 38. Bxa7 Ke7 39. c4 Nd6 40. Bc5 bxc4+ 41. bxc4 dxc4+ 42. Kd4 Kd7 43. Bxd6 Kxd6 44. Kxc4 g5 45. fxg5 hxg5 46. Kd4 Kc6 47. Ke5 Kb5 48. Kxe6 Kxb4 49. Kf5 Kc5 50. Kxg5 Kd6 51. Kf6 Kd5 52. g4 Ke4 53. g5 Kf3 54. g6 Kg2 55. g7 Kxh2 56. g8Q Kh3 57. Kf5 Kh2 58. Kf4 Kh1 59. Kf3 Kh2 60. Qg2# 1-0